[Event "FIN-ch"]
[Site "Helsinki"]
[Date "1996.??.??"]
[Round "8"]
[White "Raaste, Eero J"]
[Black "Kekki, Petri"]
[Result "0-1"]
[WhiteElo "2355"]
[BlackElo "2350"]

1.e4 e6 2.d4 d5 3.Nc3 Bb4 4.e5 b6 5.a3 Bf8 6.Bb5+ c6 7.Ba4 Ba6 8.Nce2 Bb5
9.Bxb5 cxb5 10.Nh3 Qc7 11.O-O Be7 12.Be3 Nd7 13.Qd2 h5 14.g3 Qc6 15.f3 Nh6
16.Bxh6 Rxh6 17.f4 O-O-O 18.f5 exf5 19.Rxf5 f6 20.Raf1 h4 21.g4 fxe5 22.dxe5 Re6
23.Nd4 Bc5 24.Nf2 Bxd4 25.Qxd4 g6 26.Rf3 Nxe5 27.Rc3 Kb7 28.Nd3 Nc4 29.Rf7+ Rd7
30.Nb4 Re1+ 31.Kg2 Re2+ 32.Kh3 Qd6 33.Rxd7+ Qxd7 34.Qxd5+ Qxd5 35.Nxd5 Re5
36.b3 Nxa3 37.Ne3 g5 38.Kg2 b4 39.Rd3 Nxc2 40.Nxc2 Re2+  0-1

[Event "NLD-chT9697"]
[Site "Holland"]
[Date "1996.??.??"]
[Round "?"]
[White "Kuijf, Marinus"]
[Black "Vogel, Jaap"]
[Result "1-0"]
[WhiteElo "2470"]
[BlackElo "2295"]

1.Nc3 d5 2.e4 e6 3.d4 Bb4 4.e5 b6 5.a3 Bf8 6.Bb5+ Bd7 7.Bd3 c5 8.dxc5 bxc5
9.Nf3 Nc6 10.O-O Nge7 11.Re1 Rb8 12.Ng5 h6 13.Nf3 c4 14.Bf1 Qc7 15.b3 Na5
16.Nd4 a6 17.b4 Nac6 18.Nxc6 Bxc6 19.Ne2 Ng6 20.Nd4 Be7 21.Qh5 Bd7 22.c3 a5
23.g3 Ra8 24.Bh3 Nf8 25.Rb1 axb4 26.axb4 g6 27.Qe2 h5 28.Bg2 Ba4 29.Ra1 Nd7
30.h4 Nb6 31.Bf4 Bc6 32.Rxa8+ Nxa8 33.Ra1 Nb6 34.Qc2 Kd7 35.Bh3 Ra8 36.Rxa8 Bxa8
37.Bxe6+ fxe6 38.Qxg6 Qd8 39.Qxe6+ Kc7 40.Qf7 Kc8 41.Nf5  1-0

[Event "NLD-chT9697"]
[Site "Holland"]
[Date "1996.??.??"]
[Round "?"]
[White "Hommeles, Theo"]
[Black "Komora, Andrej"]
[Result "1-0"]
[WhiteElo "2280"]
[BlackElo "2145"]

1.e4 e6 2.d4 d5 3.Nc3 Bb4 4.e5 Ne7 5.a3 Bxc3+ 6.bxc3 c5 7.h4 Qc7 8.Rh3 Bd7
9.h5 h6 10.Qg4 Nf5 11.Kd1 Nc6 12.Bd3 Nce7 13.Ne2 cxd4 14.cxd4 Ba4 15.Nc3 Bd7
16.Bd2 a6 17.Rb1 O-O-O 18.Rb4 Bc6 19.Na4 Rdg8 20.Qf4 g5 21.Qg4 Rf8 22.Nc5 Rhg8
23.Bf1 a5 24.Rb2 b6 25.Na6 Qa7 26.Rhb3 Kd7 27.Rxb6 Rc8 28.Nc5+ Ke8 29.Ra6 Rb8
30.Rxa7 Rxb2 31.Kc1 Ra2 32.Kb1 Rxa3 33.Kb2  1-0

[Event "NLD-chT9697"]
[Site "Holland"]
[Date "1996.??.??"]
[Round "?"]
[White "Nijboer, Friso"]
[Black "Bohm, Hans"]
[Result "1/2-1/2"]
[WhiteElo "2475"]
[BlackElo "2390"]

1.e4 e6 2.d4 d5 3.Nc3 Bb4 4.e5 Ne7 5.a3 Bxc3+ 6.bxc3 c5 7.Qg4 Nf5 8.Bd3 h5
9.Qh3 Nc6 10.Nf3 Qa5 11.Bd2 c4 12.Be2 Bd7 13.g4 Nh6 14.Qxh5 O-O-O 15.Qh3 f6
16.Qg3 Nf7 17.h4 Rdg8 18.g5 Ne7 19.h5 Nf5 20.Qf4 fxg5 21.Nxg5 N7h6 22.Nh3 g6
23.Ng5 Qd8 24.Rh3 gxh5 25.Rxh5 Rg6 26.Qh2 Rhg8 27.f4 Ba4 28.Rc1 Qe7 29.Bf3 Qxa3
30.Kf2 Qb2 31.Bd1 a5 32.Qh3 Bd7 33.Bf3 a4 34.Qf1 a3 35.Rb1 Qxc2 36.Qc1 Qa4
37.Ra1 a2 38.Qb2 Qb3 39.Qxa2 Qxa2 40.Rxa2 Kc7 41.Bc1 Rh8 42.Ke1 Rgg8 43.Rhh2 Ra8
44.Bd1 Rxa2 45.Rxa2 Ng8 46.Bf3 Nge7 47.Kf1 Ng6 48.Kg1 b5 49.Bg4 Nge7 50.Ba3 Rh4
51.Rg2 Ne3 52.Nxe6+ Bxe6 53.Bxe6 Nxg2 54.Kxg2 Rh6 55.f5 Rxe6 56.fxe6 Nc6
57.Kf3 Kd8 58.Bc5 Ke8 59.Kf4 Nd8 60.Kf5 Nc6 61.Kf4 Nd8 62.e7 Ne6+ 63.Ke3 Kd7
64.Bd6 Ng5 65.Bb4 Ne6 66.Kd2 Ng5 67.Kc2 Ne4 68.Kb2 Ke8 69.Ka3 Kd7 70.Ba5 Kxe7
71.Kb4 Ke6 72.Kxb5 Ng5 73.Bd8 Ne4 74.Kb4 Kd7 75.Bh4 Ke6 76.Be1 Kd7 77.Ka3 Ke6
78.Kb2 Kf5 79.Kc2 Ke6 80.Kd1 Kf5 81.Ke2 Ng5 82.Ke3 Kg4 83.Bf2  1/2-1/2

[Event "HUN-chT1 9596"]
[Site "HUN"]
[Date "1996.??.??"]
[Round "8"]
[White "Fogarasi, Tibor"]
[Black "Farago, Ivan"]
[Result "0-1"]
[WhiteElo "2500"]
[BlackElo "2515"]

1.e4 e6 2.d4 d5 3.Nc3 Bb4 4.e5 Ne7 5.a3 Bxc3+ 6.bxc3 c5 7.Qg4 Qc7 8.Bd3 c4
9.Be2 Nf5 10.Qh5 Nc6 11.g4 Qa5 12.Bd2 Nfe7 13.Nf3 h6 14.Ng5 Rf8 15.Nh3 Bd7
16.f4 O-O-O 17.Qh4 Rh8 18.Qf2 Rdf8 19.O-O f6 20.exf6 gxf6 21.a4 h5 22.gxh5 e5
23.f5 Nxd4 24.cxd4 Qxd2 25.dxe5 Bxf5 26.exf6 Rhg8+ 27.Kh1 Be4+ 28.Bf3 Bxf3+
29.Qxf3 Rxf6  0-1

[Event "HUN-chT1 9697"]
[Site "Hungary"]
[Date "1996.??.??"]
[Round "5"]
[White "Egedi, Istvan"]
[Black "Portisch, Ferenc"]
[Result "0-1"]
[WhiteElo "2305"]
[BlackElo "2400"]

1.e4 e6 2.d4 d5 3.Nc3 Bb4 4.e5 Ne7 5.Nf3 c5 6.a3 Bxc3+ 7.bxc3 Qa5 8.Qd2 b6
9.Bd3 Ba6 10.O-O h6 11.a4 Bxd3 12.cxd3 Nbc6 13.dxc5 bxc5 14.Ba3 O-O 15.Qe3 d4
16.cxd4 Nf5 17.Qe1 Qxe1 18.Rfxe1 Ncxd4 19.Nxd4 Nxd4 20.Bxc5 Nc2 21.Bxf8 Kxf8
22.Rec1 Nxa1 23.Rxa1 Rd8 24.Ra3 a5 25.Kf1 g5 26.Rc3 Rd5 27.Rc8+ Kg7 28.Ra8 Rxe5
29.d4 Rd5 30.Ke2 Rxd4 31.Rxa5 Rb4 32.h3 Rb2+ 33.Ke3 f5 34.Rb5 Ra2 35.a5 Kf6
36.g3 h5 37.h4 g4 38.Kd4 Rxf2 39.Kc5 Ra2 40.Kb6 e5 41.a6 f4 42.gxf4 Rxa6+
43.Kxa6 exf4 44.Rb8 f3 45.Rf8+ Ke5 46.Kb5 Kd4 47.Kb4 Ke3 48.Kc3 f2 49.Kc2 Ke2
50.Re8+ Kf3 51.Rf8+ Kg2  0-1

[Event "ISR-chT"]
[Site "Israel"]
[Date "1996.??.??"]
[Round "7"]
[White "Shmuter, Leonid"]
[Black "Krays, Alexander"]
[Result "0-1"]
[WhiteElo "2490"]
[BlackElo "2440"]

1.e4 e6 2.d4 d5 3.Nc3 Bb4 4.e5 Qd7 5.Qg4 f5 6.Qg3 b6 7.a3 Bxc3+ 8.bxc3 Ba6
9.Bxa6 Nxa6 10.a4 Nb8 11.Ne2 Nc6 12.Ba3 Na5 13.Bb4 Nc4 14.a5 Rc8 15.axb6 cxb6
16.Ra6 Kf7 17.Nf4 Ne7 18.O-O Nc6 19.Rfa1 Rcg8 20.Qg5 Ra8 21.h4 Qd8 22.Qh5+ g6
23.Qh6 Qg8 24.Qg5 Qd8 25.Qh6 Qg8 26.h5 Ke8 27.Nxe6 Qxe6 28.Qg7 Rg8 29.Qb7 Rc8
30.Rxa7 Nxa7 31.Rxa7 Na5 32.Bxa5 bxa5 33.c4 Rd8 34.cxd5 Qd7 35.Qb6 Qxd5 36.Qf6 Rd7
37.c4 Rf8 38.Qh4 Qe4 39.Qxe4 fxe4 40.Rxa5 Rxd4  0-1

[Event "ISR-chT"]
[Site "Israel"]
[Date "1996.??.??"]
[Round "8"]
[White "Rechlis, Gad"]
[Black "Gofshtein, Leonid D"]
[Result "1-0"]
[WhiteElo "2510"]
[BlackElo "2540"]

1.d4 e6 2.e4 d5 3.Nc3 Bb4 4.e5 b6 5.Bd2 Bf8 6.Bb5+ Bd7 7.Bd3 c5 8.Nf3 Nc6
9.O-O Nge7 10.Bg5 Qb8 11.Nb5 Ng6 12.c4 dxc4 13.Be4 a6 14.d5 exd5 15.Qxd5 axb5
16.Qxc6 Ra7 17.Rad1 Ne7 18.Qd6 Qxd6 19.exd6 Nc8 20.Rfe1 f6 21.Bc6+ Kd8 22.Ne5 Nxd6
23.Bxd7 fxg5 24.Nc6+ Kxd7 25.Nxa7 b4 26.Nb5 Kc6 27.Nxd6 Bxd6 28.Re6 Rd8 29.Kf1 Kc7
30.g3 b5 31.Ke2 c3 32.b3 Kc6 33.Rd3 c4 34.Rd4 Kc5 35.Rg4  1-0

[Event "ISR-chT"]
[Site "Israel"]
[Date "1996.??.??"]
[Round "9"]
[White "Shmuter, Leonid"]
[Black "Zifroni, Dov"]
[Result "0-1"]
[WhiteElo "2490"]
[BlackElo "2455"]

1.e4 e6 2.d4 d5 3.Nc3 Bb4 4.e5 Ne7 5.a3 Bxc3+ 6.bxc3 c5 7.Qg4 O-O 8.Bd3 f5
9.exf6 Rxf6 10.Bg5 Rf7 11.Qh4 h6 12.Bxe7 Rxe7 13.Ne2 c4 14.Bg6 Nc6 15.O-O Bd7
16.Nf4 Qc7 17.Rae1 Qd6 18.Re3 Rf8 19.Rf3 e5 20.dxe5 Rxe5 21.Bh5 Re4 22.Ng6 Rxf3  0-1

[Event "Karditsa"]
[Site "Karditsa"]
[Date "1996.??.??"]
[Round "5"]
[White "Vouldis, Angelos"]
[Black "Nenashev, Alexander"]
[Result "0-1"]
[WhiteElo "2425"]
[BlackElo "2595"]

1.e4 e6 2.d4 d5 3.Nc3 Bb4 4.e5 Ne7 5.a3 Bxc3+ 6.bxc3 b6 7.Nh3 Ng6 8.a4 Ba6
9.Bxa6 Nxa6 10.O-O Nb8 11.Qg4 Nc6 12.Bg5 Qd7 13.Nf4 Nxf4 14.Bxf4 Rg8 15.Qh5 h6
16.Bc1 Na5 17.Qe2 Nc4 18.f4 a5 19.g4 O-O-O 20.f5 Rde8 21.f6 g5 22.h4 Rg6
23.Rf3 gxh4 24.Rh3 Reg8 25.Rxh4 Qc6 26.Kf2 b5 27.Bxh6 bxa4 28.Bc1 Qe8 29.Kf3 Rh8
30.Qh2 Rxh4 31.Qxh4 a3 32.Bxa3 Rg8 33.Bc1 Rh8 34.Bh6 Qg8 35.g5 Qg6 36.Ra2 Kd7
37.Qe1 Rb8 38.Kg2 a4 39.Qc1 a3 40.Rxa3 Rb2 41.Ra8 Rxc2+  0-1

[Event "JUG-ch sf"]
[Site "Kladovo"]
[Date "1996.??.??"]
[Round "?"]
[White "Savanovic, Aleksandar"]
[Black "Mitrovic, Petar"]
[Result "1-0"]
[WhiteElo "2455"]
[BlackElo "2365"]

1.e4 e6 2.d4 d5 3.Nc3 Bb4 4.e5 b6 5.a3 Bxc3+ 6.bxc3 Qd7 7.Nh3 Ne7 8.Nf4 Qa4
9.Nh5 Rg8 10.Bd3 Ba6 11.Bxh7 Rh8 12.Nxg7+ Kf8 13.Nxe6+ fxe6 14.Qh5 Rxh7 15.Qxh7 Ke8
16.Bg5 Nbc6 17.Kd2 Kd7 18.h4 Re8 19.h5 Kc8 20.Rh4 Nf5 21.Rf4 Na5 22.Rxf5 exf5
23.Qxf5+ Kb7 24.Qf3 Qb5 25.h6 Nc4+ 26.Kd1 Nd6 27.Kc1 Ne4 28.Bf6 Qd7 29.g4 Nxf6
30.exf6 Be2 31.Qf4 Bxg4 32.f7 Rf8 33.h7 Be6 34.h8=Q Rxh8 35.f8=Q Rh1+ 36.Kb2 Qb5+
37.Qb4  1-0

[Event "Kuala Lumpur schev"]
[Site "Kuala Lumpur"]
[Date "1996.??.??"]
[Round "9"]
[White "Mok Tze Meng"]
[Black "Ravi, Lanka"]
[Result "0-1"]
[WhiteElo "2240"]
[BlackElo "2390"]

1.e4 e6 2.d4 d5 3.Nc3 Bb4 4.e5 Ne7 5.a3 Bxc3+ 6.bxc3 c5 7.Nf3 b6 8.Bb5+ Bd7
9.Bd3 Ba4 10.O-O c4 11.Be2 h6 12.h3 Nbc6 13.Nh2 Kd7 14.f4 Qg8 15.Be3 Qh7
16.Ra2 Nf5 17.Bf2 h5 18.Qd2 Rag8 19.Nf3 f6 20.Re1 b5 21.Bf1 h4 22.Nh2 Ng3
23.Bxg3 hxg3 24.Nf3 Qf5 25.exf6 gxf6 26.Re2 Ne7 27.Qe3 Ng6 28.Ne5+ fxe5 29.dxe5 Nxf4
30.Rd2 Ke8  0-1

[Event "La Coruna op"]
[Site "La Coruna"]
[Date "1996.??.??"]
[Round "?"]
[White "Maric, Mirjana"]
[Black "Patino, Robert"]
[Result "1/2-1/2"]
[WhiteElo "2320"]
[BlackElo "2220"]

1.e4 e6 2.d4 d5 3.Nc3 Bb4 4.e5 Ne7 5.Qg4 c5 6.a3 Bxc3+ 7.bxc3 Kf8 8.Bd3 Qa5
9.Bd2 Qa4 10.c4 dxc4 11.dxc5 Bd7 12.Qxc4 Qxc4 13.Bxc4 Bc6 14.Nf3 Nd7 15.O-O Bxf3
16.gxf3 Nxe5 17.Be2 Nd7 18.Rab1 Nxc5 19.Be3 b6 20.Bxc5 bxc5 21.Rb7 g6 22.Rd1 Nd5
23.Bc4 Rd8 24.Rxa7 Kg7 25.a4 Ra8 26.Rxa8 Rxa8 27.Bxd5 exd5 28.Rxd5 Rxa4 29.Rxc5 Kf6
30.Kg2 Rd4 31.Rc7 h5 32.c3 Rf4 33.Rd7 Rc4 34.Rd3 Ke7 35.Kg3 g5 36.Kg2 Ke6
37.h3 Ke5 38.Kg3 Ke6 39.Kg2  1/2-1/2

[Event "La Coruna op"]
[Site "La Coruna"]
[Date "1996.??.??"]
[Round "?"]
[White "Maric, Mirjana"]
[Black "Feijoo, Carlos"]
[Result "1-0"]
[WhiteElo "2320"]
[BlackElo "2130"]

1.e4 e6 2.d4 d5 3.Nc3 Bb4 4.e5 Ne7 5.Bd2 c5 6.Nb5 Bxd2+ 7.Qxd2 O-O 8.Nf3 Nd7
9.c3 a6 10.Nd6 cxd4 11.cxd4 f6 12.Nxc8 Rxc8 13.Bd3 fxe5 14.Ng5 Qb6 15.Bxh7+ Kh8
16.dxe5 Nxe5 17.O-O Rf6 18.Qe2 Qd4 19.Rad1 Qf4 20.Nh3 Qh6 21.Qxe5 Qxh7 22.Ng5 Qg6
23.f4 Nf5 24.Rc1 Rcf8 25.Rc7 d4 26.Rd1 Ne3 27.Rdc1 Qd3 28.Rc8 Qd2 29.Qe4 g6
30.Qf3 Kg7 31.Qh3 Rxf4 32.Nxe6+ Kf6 33.Nxf4 Ke5 34.Nxg6+ Ke4 35.Nxf8  1-0

[Event "CUB-ch"]
[Site "Las Tunas"]
[Date "1996.??.??"]
[Round "8"]
[White "Leyva, Ricardo"]
[Black "Cruz Lima, Jose M"]
[Result "1-0"]
[WhiteElo "2370"]
[BlackElo "2290"]

1.e4 e6 2.d4 d5 3.Nc3 Bb4 4.e5 b6 5.Qg4 Bf8 6.Bb5+ c6 7.Ba4 Ne7 8.Bg5 Bd7
9.Nf3 h6 10.Qh5 Qc7 11.Ne2 Ng6 12.Be3 c5 13.Bxd7+ Nxd7 14.O-O cxd4 15.Nexd4 Ndxe5
16.Nd2 Bc5 17.Rae1 O-O 18.c3 Rfe8 19.Re2 Nd3 20.g3 Bxd4 21.cxd4 e5 22.dxe5 Rxe5
23.Qg4 h5 24.Qd4 Nc5 25.f4 Ree8 26.Qxd5 h4 27.Bxc5 Qxc5+ 28.Qxc5 bxc5 29.Rfe1 Rxe2
30.Rxe2 hxg3 31.hxg3 Rd8 32.Kf2 Kf8 33.Ne4 c4 34.Rc2 Rd4 35.Ng5 Ke7 36.Nf3  1-0

[Event "CUB-ch"]
[Site "Las Tunas"]
[Date "1996.??.??"]
[Round "12"]
[White "Rodriguez, Amador"]
[Black "Leyva, Hector"]
[Result "1-0"]
[WhiteElo "2510"]
[BlackElo "2410"]

1.e4 e6 2.d4 d5 3.Nc3 Bb4 4.e5 Ne7 5.a3 Bxc3+ 6.bxc3 b6 7.Qg4 Ng6 8.h4 h5
9.Qd1 Ba6 10.Bxa6 Nxa6 11.Bg5 Qd7 12.Ne2 Ne7 13.Nf4 g6 14.Bf6 Rg8 15.f3 Nb8
16.g4 Qc6 17.Qd3 Nd7 18.gxh5 Nxf6 19.exf6 Qd6 20.Qd2 Nf5 21.hxg6 fxg6 22.Kf2 Rf8
23.Rag1 Rxf6 24.Nxg6 O-O-O 25.h5 Rd7 26.Qg5 Rdf7 27.Ne5 Rf8 28.h6 Qxa3 29.Qd2 Nd6
30.Ke2 Ne4 31.Qd3 Nxc3+ 32.Kd2 Ne4+ 33.fxe4 Rf2+ 34.Ke3 Qd6 35.h7 c5 36.h8=Q cxd4+
37.Qxd4 Qa3+ 38.Nd3  1-0

[Event "SWE-ch"]
[Site "Linkoping"]
[Date "1996.??.??"]
[Round "13"]
[White "Ernst, Thomas"]
[Black "Hall, Jesper"]
[Result "1/2-1/2"]
[WhiteElo "2410"]
[BlackElo "2425"]

1.e4 e6 2.d4 d5 3.Nc3 Bb4 4.e5 b6 5.a3 Bxc3+ 6.bxc3 Qd7 7.Qg4 f5 8.Qh5+ Qf7
9.Qd1 Qd7 10.a4 Ba6 11.Bxa6 Nxa6 12.Qd3 Nb8 13.Ne2 Nc6 14.c4 dxc4 15.Qxc4 Na5
16.Qd3 Qc6 17.O-O Ne7 18.Nf4 Nd5 19.Nxd5 Qxd5 20.Rb1  1/2-1/2

[Event "Manresa op"]
[Site "Manresa"]
[Date "1996.??.??"]
[Round "4"]
[White "Duran, J."]
[Black "Arribas, Maritza"]
[Result "1-0"]
[WhiteElo "2130"]
[BlackElo "2280"]

1.e4 e6 2.d4 d5 3.Nc3 Bb4 4.e5 Ne7 5.Bd3 c5 6.a3 Ba5 7.b4 cxd4 8.Nb5 Bc7
9.f4 Nbc6 10.Nf3 a6 11.Nxc7+ Qxc7 12.O-O Bd7 13.Ng5 g6 14.Qe2 Nc8 15.Bb2 Nb6
16.Rae1 h6 17.Nf3 Na4 18.Ba1 Nc3 19.Qf2 a5 20.b5 Na7 21.b6 Qc5 22.bxa7 Qxa3
23.Nxd4 O-O 24.Re3  1-0

[Event "Mar del Plata op"]
[Site "Mar del Plata"]
[Date "1996.??.??"]
[Round "2"]
[White "Perez Pietronave, Carlos"]
[Black "Rodriguez, Andres"]
[Result "0-1"]
[WhiteElo "2280"]
[BlackElo "2575"]

1.e4 e6 2.d4 d5 3.Nc3 Bb4 4.e5 Ne7 5.Bd2 b6 6.a4 Ba6 7.Nb5 Bxd2+ 8.Qxd2 O-O
9.f4 c6 10.Nd6 Bxf1 11.Kxf1 Nc8 12.Nxc8 Qxc8 13.Nf3 c5 14.g3 Nc6 15.c3 Na5
16.Qc2 cxd4 17.Nxd4 Nc4 18.Re1 Qc5 19.Kg2 Rac8 20.Qe2 Na5 21.f5 Nc6 22.Nxc6 Qxc6
23.f6 Qxa4 24.Ra1 Qc4 25.Qxc4 dxc4 26.Rxa7 gxf6 27.exf6 Rfd8 28.Rf1 Rc5 29.Rd1 Rf8
30.Rd4 h5 31.Rb7 b5 32.g4 Kh7 33.h4 Re5 34.Kf3 hxg4+ 35.Rxg4 Kh6 36.Kf4 Rf5+
37.Ke4 Rxf6 38.Rxb5 Rf1 39.Ke3 f5 40.Rxc4 f4+ 41.Ke2 Rh1 42.Re4 Rf6 43.Rbe5 f3+
44.Kf2 Rh2+ 45.Kg3 f2  0-1

[Event "Mar del Plata op"]
[Site "Mar del Plata"]
[Date "1996.??.??"]
[Round "4"]
[White "Ginzburg, Maximiliano"]
[Black "Mondaca, Omar"]
[Result "1-0"]
[WhiteElo "2405"]
[BlackElo "2190"]

1.e4 e6 2.d4 d5 3.Nc3 Bb4 4.e5 Ne7 5.a3 Bxc3+ 6.bxc3 b6 7.Nf3 Ba6 8.Bxa6 Nxa6
9.Qd3 Nb8 10.O-O Nbc6 11.c4 dxc4 12.Qxc4 Na5 13.Qe2 Qd5 14.Bg5 Qc4 15.Qe4 Qd5
16.Qg4 Nf5 17.Rfd1 Nc4 18.Nh4 h5 19.Qf4 Nxh4 20.Bxh4 Rh6 21.Rd3 Rg6 22.Rf3 Qd7
23.h3 b5 24.Rb1 a6 25.Rg3 Nb6 26.Rxg6 fxg6 27.Rb3 Qf7 28.Qe4 Kd7 29.Qb7 Qe8
30.Rc3 Nc4 31.d5  1-0

[Event "Mar del Plata op"]
[Site "Mar del Plata"]
[Date "1996.??.??"]
[Round "7"]
[White "Rodriguez, Andres"]
[Black "De Dovitiis, Alejo"]
[Result "1-0"]
[WhiteElo "2575"]
[BlackElo "2315"]

1.e4 e6 2.d4 d5 3.Nc3 Bb4 4.e5 Qd7 5.Bd2 b6 6.Nf3 Ba6 7.Ne2 Bf8 8.Nf4 Bxf1
9.Kxf1 h5 10.c4 Ne7 11.b3 Nbc6 12.Bc3 O-O-O 13.Ng5 Qe8 14.Qf3 Nf5 15.Rd1 Be7
16.Ngxe6 fxe6 17.Nxe6 Qf7 18.cxd5 Rxd5 19.Nf4 Rxd4 20.Qxc6 Rxd1+ 21.Ke2 Rxh1
22.e6 Kb8 23.exf7 Rh6 24.Ne6 Bd6 25.f8=Q+  1-0

[Event "Mataruska Banja"]
[Site "Mataruska Banja"]
[Date "1996.??.??"]
[Round "6"]
[White "Zontakh, Andrey"]
[Black "Dimitrov, Vladimir"]
[Result "0-1"]
[WhiteElo "2580"]
[BlackElo "2495"]

1.e4 e6 2.d4 d5 3.Nc3 Bb4 4.e5 Ne7 5.a3 Bxc3+ 6.bxc3 c5 7.Nf3 Qc7 8.h4 h6
9.h5 b6 10.Bb5+ Bd7 11.Bd3 Nbc6 12.O-O c4 13.Be2 f5 14.a4 O-O-O 15.Ba3 Be8
16.Bd6 Rxd6 17.exd6 Qxd6 18.Nh4 Ng8 19.g3 Nf6 20.Ng2 Ne4 21.Qe1 Ne7 22.Bf3 Ng8
23.Nf4 Ngf6 24.Kg2 Rg8 25.Rh1 a5 26.Qe3 Kb7 27.Ra2 Ka6 28.Rb1 Bf7 29.Be2 Rb8
30.Ng6 Bxg6 31.hxg6 Rb7 32.Rh1 Qb8 33.Bf3 Qe8 34.Ra3 Qxg6 35.Qf4 Qf7 36.Qc1 Qc7
37.Be2 Nxf2 38.Kxf2 Ne4+ 39.Ke1 Nxg3 40.Kf2 Ne4+ 41.Kf1 Ng3+ 42.Kf2 Nxh1+
43.Qxh1 Qf4+ 44.Bf3 Qd2+ 45.Be2 Qxc2 46.Qa1 g5 47.Ra2 Qe4 48.Qc1 Qh4+ 49.Kg1 Qg3+
50.Kh1 Qh3+ 51.Kg1 Qg3+ 52.Kh1 g4 53.Bf1 h5 54.Re2 f4 55.Rg2 Qf3 56.Kg1 g3
57.Qe1 Re7 58.Rb2 Ka7 59.Qe5 Rb7 60.Rc2 Qg4 61.Rb2  0-1

[Event "Meisdorf op"]
[Site "Meisdorf"]
[Date "1996.??.??"]
[Round "?"]
[White "Tischbierek, Raj"]
[Black "Baum, Bernd"]
[Result "1-0"]
[WhiteElo "2490"]
[BlackElo "2240"]

1.e4 e6 2.d4 d5 3.Nc3 Bb4 4.e5 Qd7 5.a3 Bf8 6.Nf3 b6 7.b4 c6 8.Rb1 Ne7 9.h4 Qc7
10.h5 h6 11.Bd3 Nd7 12.O-O Bb7 13.Nh4 a6 14.Ne2 O-O-O 15.f4 f5 16.g4 fxg4
17.f5 exf5 18.Bf4 c5 19.e6 Qc6 20.exd7+ Qxd7 21.bxc5 bxc5 22.Bxa6  1-0

[Event "Melbourne Masters"]
[Site "Melbourne"]
[Date "1996.??.??"]
[Round "7"]
[White "Solomon, Stephen J"]
[Black "Johansen, Darryl K"]
[Result "1/2-1/2"]
[WhiteElo "2395"]
[BlackElo "2510"]

1.e4 e6 2.d4 d5 3.Nc3 Bb4 4.e5 b6 5.Qg4 Bf8 6.Bg5 Qd7 7.Bb5 c6 8.Ba4 a5 9.a3 Ba6
10.Nge2 h6 11.Bh4 Bc4  1/2-1/2

[Event "Moscow IM1"]
[Site "Moscow"]
[Date "1996.??.??"]
[Round "?"]
[White "Saulin, Dmitri"]
[Black "Mkrtchan, Lilit"]
[Result "1-0"]
[WhiteElo "2370"]
[BlackElo "2170"]

1.e4 e6 2.d4 d5 3.Nc3 Bb4 4.e5 Ne7 5.a3 Bxc3+ 6.bxc3 c5 7.Qg4 Kf8 8.h4 Qc7
9.Qd1 b6 10.h5 h6 11.Rh3 Ba6 12.Bxa6 Nxa6 13.Qd3 Nb8 14.a4 Nbc6 15.Ba3 Na5
16.Ne2 Nc4 17.Bc1 Rc8 18.g4 Na5 19.f4 Nb7 20.Ba3 Ke8 21.f5 cxd4 22.fxe6 fxe6
23.cxd4 Qc4 24.Nf4 Qxd3 25.Rxd3 Rg8 26.O-O-O Nd8 27.a5 bxa5 28.Bc5 g5 29.hxg6 Ndc6
30.Rb3 Nxg6 31.Nh5 Kd8 32.Bd6 Nb4 33.c3 Ne7 34.Kb1 Nbc6 35.Rb7 Rh8 36.Nf6 a6
37.Rd7+  1-0

[Event "Moscow-A"]
[Site "Moscow"]
[Date "1996.??.??"]
[Round "?"]
[White "Smikovski, I."]
[Black "Danielian, Oganes"]
[Result "1-0"]
[WhiteElo "2545"]
[BlackElo "2450"]

1.e4 e6 2.d4 d5 3.Nc3 Bb4 4.e5 b6 5.Bd2 Qd7 6.Bb5 c6 7.Ba4 a5 8.a3 Bf8 9.Nce2 Ba6
10.c3 Ne7 11.Nf3 Qb7 12.O-O Nd7 13.Re1 c5 14.dxc5 bxc5 15.b4 Nc6 16.Be3 Bb5
17.bxc5 Bxa4 18.Qxa4 Bxc5 19.Rab1 Qc8 20.Qg4 Bf8 21.Bd4 h5 22.Qh3 Bxa3 23.Nf4 Be7
24.Nxh5 Kf8 25.Qg4 Rh7 26.Nf4 Nd8 27.Ng5 Bxg5 28.Qxg5 Nc6 29.Nd3 Kg8 30.g3 Qa6
31.Nc5 Nxc5 32.Bxc5 Qc4 33.Bd6 a4 34.Rec1 Na5 35.Rb4 Qc6 36.Ra1 f6 37.Qg4 fxe5
38.Qxe6+ Kh8 39.Rbxa4 Rh6 40.Qxe5 Re8 41.Qg5 Nc4 42.Ra7 Rh7 43.Bf4  1-0

[Event "Moscow GM4"]
[Site "Moscow"]
[Date "1996.??.??"]
[Round "?"]
[White "Novichkov, Vadim"]
[Black "Moskalenko, Viktor"]
[Result "0-1"]
[WhiteElo "2380"]
[BlackElo "2480"]

1.e4 e6 2.d4 d5 3.Nc3 Bb4 4.e5 Ne7 5.Bd2 b6 6.Nf3 Bxc3 7.Bxc3 Ba6 8.Bxa6 Nxa6
9.Qe2 Qc8 10.O-O c5 11.Rfd1 Nb8 12.a4 Nbc6 13.dxc5 bxc5 14.Qb5 c4 15.Qc5 O-O
16.Qe3 Rd8 17.Qf4 Qc7 18.Qg4 Nf5 19.h4 Qb6 20.a5 Qc5 21.Nd4 Ncxd4 22.Bxd4 Nxd4
23.Rxd4 Rab8 24.Ra2 Rb5 25.h5 h6 26.Ra3 Rxb2 27.Rg3 Qf8 28.Qh4 Kh8 29.Qg4 Rdb8
30.Qe2 f5 31.exf6 Qxf6  0-1

[Event "Moscow GM4"]
[Site "Moscow"]
[Date "1996.??.??"]
[Round "?"]
[White "Zaitsev, Igor A"]
[Black "Mesropov, Konstantin"]
[Result "1/2-1/2"]
[WhiteElo "2460"]
[BlackElo "2375"]

1.e4 e6 2.d4 d5 3.Nc3 Bb4 4.e5 Ne7 5.a3 Bxc3+ 6.bxc3 c5 7.Qg4 Nf5 8.Nf3 Qa5
9.Bd2 c4 10.Be2 Bd7 11.a4 Nc6 12.Qh3 O-O-O 13.g4 Nfe7 14.Qg3 f5 15.exf6 gxf6
16.Rg1 Rhg8 17.Qf4 Rdf8 18.Qd6 Ng6 19.g5 fxg5 20.Rxg5 Qb6 21.Qa3 Qd8 22.Rg3 Nh4
23.Nxh4 Qxh4 24.O-O-O Qe7 25.Qb2 Rxg3 26.fxg3 Rf2 27.Re1 Rxh2 28.Bf4 h5 29.Bd1 Qf8
30.a5 Nxa5 31.Qb4 Qxb4 32.cxb4 Nc6 33.c3 Rh3 34.Bf3 Ne7 35.Bg2 Rh2 36.Rg1 Nf5
37.Bf3 Rh3 38.Bg2 Rh2 39.Bf3  1/2-1/2

[Event "RUS-Cup2"]
[Site "Moscow"]
[Date "1996.??.??"]
[Round "3"]
[White "Khachian, Melikset"]
[Black "Daschian, Nikolai V"]
[Result "1/2-1/2"]
[WhiteElo "2480"]
[BlackElo "2415"]

1.e4 e6 2.d4 d5 3.Nc3 Bb4 4.e5 Ne7 5.a3 Bxc3+ 6.bxc3 c5 7.Qg4 O-O 8.Bd3 cxd4
9.cxd4 Nbc6 10.Nf3 Nf5 11.O-O f6 12.a4 Bd7 13.Ba3 Rf7 14.Rfe1 Rc8 15.Qh5 g6
16.Qg4 Rg7 17.c3 Na5 18.exf6 Qxf6 19.Bb4 Nc4 20.Bxc4 Rxc4 21.Ne5 Rc8 22.Qe2 Re8
23.g3 g5 24.Qh5 Rc8 25.Ng4 Qf7 26.Qxf7+ Kxf7 27.Ra2 h5 28.Ne5+ Kf6 29.Rae2 Re8
30.Ra2 g4 31.Nd3 h4 32.Nf4 Rh7 33.Rae2 hxg3 34.fxg3 Rd8 35.a5 a6 36.Ba3 Rc8
37.Bb4 Rch8 38.Nd3 Re8 39.Ne5 Bb5 40.Rf2 Rg8 41.Rf4 Rhg7 42.Kf2 Bc4 43.Rh1 Bb5
44.Rd1 Ba4 45.Rd2 Bb5 46.Kg1 Be8 47.Bc5 Bb5 48.Rdf2 Be8 49.Kh1 Ba4 50.h4 Bd1
51.Kh2 Bf3 52.R2xf3 gxf3 53.g4 Rh7 54.Nxf3 Rgh8 55.Bd6 Rxh4+ 56.Nxh4 Rxh4+
57.Kg2 Rxg4+ 58.Rxg4 Nxd6 59.Kf3 Nc4 60.Kf4 Nxa5 61.Rh4 Nc4 62.Rh6+ Ke7 63.Rh7+ Kd6
64.Rxb7 e5+ 65.dxe5+ Nxe5 66.Rb6+ Nc6 67.Rxa6 Kc5 68.Ke3 d4+ 69.Kd3 dxc3  1/2-1/2

[Event "Moscow-ch"]
[Site "Moscow"]
[Date "1996.??.??"]
[Round "3"]
[White "Korneev, Dm V"]
[Black "Kravets, Vladislav V"]
[Result "1-0"]
[WhiteElo "2145"]
[BlackElo "2310"]

1.e4 e6 2.d4 d5 3.Nc3 Bb4 4.e5 Ne7 5.a3 Bxc3+ 6.bxc3 c5 7.Qg4 Qc7 8.Bd3 cxd4
9.Ne2 Qxe5 10.cxd4 h5 11.Qh4 Qc7 12.O-O Nbc6 13.Bf4 Qd8 14.Qg3 Kf8 15.Bg5 f6
16.Bf4 g5 17.Bd2 Nf5 18.Bxf5 exf5 19.h4 f4 20.Qd3 Kf7 21.Rab1 b6 22.c4 Be6
23.hxg5 fxg5 24.Bxf4 gxf4 25.Nxf4 Qf6 26.cxd5 Bf5 27.Qc4 Na5 28.Qc7+ Qe7
29.Rbc1 Qxc7 30.Rxc7+ Kf6 31.Re1 Rhe8 32.Nxh5+ Kg5 33.Rxe8 Rxe8  1-0

[Event "Neuchatel op"]
[Site "Neuchatel"]
[Date "1996.??.??"]
[Round "5"]
[White "Franzoni, Giancarlo"]
[Black "Leuba, Didier"]
[Result "1-0"]
[WhiteElo "2455"]
[BlackElo "2295"]

1.e4 e6 2.d4 d5 3.Nc3 Bb4 4.e5 Ne7 5.a3 Bxc3+ 6.bxc3 c5 7.h4 Nbc6 8.h5 Qa5
9.Bd2 Qa4 10.Nf3 Nf5 11.Bd3 h6 12.dxc5 Bd7 13.Rb1 O-O-O 14.Qc1 Kc7 15.Qb2 Rb8
16.Nd4 Nfxd4 17.cxd4 Qxd4 18.Ba5+ Kc8 19.Qxd4 Nxd4 20.Rh4 Nc6 21.Bc3 Kc7
22.Rg4 Rbg8 23.f4 g6 24.Kf2 gxh5 25.Rxg8 Rxg8 26.Rh1 Be8 27.Rxh5 Rh8 28.Rh2 Ne7
29.g4 Kc6 30.Bd4 Bd7 31.f5 Rg8 32.f6 Rxg4 33.fxe7 Rxd4 34.Rxh6 Rxd3 35.cxd3 Be8
36.Rh4 a5 37.Rh1 Kd7 38.Rb1  1-0

[Event "JUG-chT"]
[Site "Niksic"]
[Date "1996.??.??"]
[Round "?"]
[White "Mitrovic, Petar"]
[Black "Gavric, Miladin"]
[Result "1/2-1/2"]
[WhiteElo "2385"]
[BlackElo "2330"]

1.e4 e6 2.d4 d5 3.Nc3 Bb4 4.e5 Ne7 5.a3 Bxc3+ 6.bxc3 c5 7.Nf3 b6 8.h4 Ba6
9.Bxa6 Nxa6 10.h5 h6 11.Nh4 Nb8 12.Qg4 Rg8 13.O-O Nbc6 14.f4 cxd4 15.f5 Qd7
16.cxd4 Nxf5 17.Nxf5 exf5 18.Qf4 O-O-O 19.c3  1/2-1/2

[Event "JUG-ch op"]
[Site "Nis"]
[Date "1996.??.??"]
[Round "9"]
[White "Kosanovic, Goran A"]
[Black "Dimitrov, Vladimir"]
[Result "1/2-1/2"]
[WhiteElo "2420"]
[BlackElo "2495"]

1.e4 e6 2.d4 d5 3.Nc3 Bb4 4.e5 Qd7 5.a3 Bxc3+ 6.bxc3 b6 7.Qg4 f5 8.Qh5+ g6
9.Qd1 Ba6 10.Bxa6 Nxa6 11.Qd3 Nb8 12.h4 h6 13.a4 Nc6 14.Qg3 Qf7 15.Nh3 O-O-O
16.Ba3 Nge7 17.Bxe7 Nxe7 18.a5 Nc6 19.axb6 cxb6 20.Nf4 g5 21.Nd3 Rdg8 22.hxg5 hxg5
23.Ke2 Rh5 24.Rhb1 Rh4 25.Nb4 Nxb4 26.Rxb4 Kb8 27.Kd2 Qc7 28.Rba4 a5 29.Rb1 Ka7
30.Raa1 Rc8 31.Qd3 Qc4 32.Qxc4 Rxc4 33.Rh1 Rxh1 34.Rxh1 g4 35.Rh6 Rc6 36.Kc1 Ka6
37.Kb2 Kb5 38.Rh8 Ka6 39.f3 gxf3 40.gxf3 Kb5 41.f4 Ka4 42.Rd8 Kb5 43.Rd7  1/2-1/2